Normal view
MARC view
- parallel Programming
Entry Topical Term
001 - CONTROL NUMBER
- control field: 165
003 - CONTROL NUMBER IDENTIFIER
- control field: JO-AjAnu
005 - DATE AND TIME OF LATEST TRANSACTION
- control field: 20230606070328.0
008 - FIXED-LENGTH DATA ELEMENTS
- fixed length control field: 230606|| aca||aabn | a|a d
040 ## - CATALOGING SOURCE
- Original cataloging agency: JO-AjAnu
- Transcribing agency: JO-AjAnu
150 ## - HEADING--TOPICAL TERM
- Topical term or geographic name entry element: parallel Programming
670 ## - SOURCE DATA FOUND
- Source citation: Work cat.: (JO-AjAnu)87: Wilkinson,Barry , author 164, parallel Programming Techniques and applications using networked workstations and parllel computers